Kiến thức về giới tính

Đã lưu trong:
Bibliografiske detaljer
Hovedforfatter: Conrad, Shree
Format: Bog
Sprog:Undetermined
Udgivet: Hà Nội Phụ nữ 2004
Fag:
Tags: Tilføj Tag
Ingen Tags, Vær først til at tagge denne postø!
Thư viện lưu trữ: Trung tâm Học liệu Trường Đại học Cần Thơ
LEADER 00556nam a2200193Ia 4500
001 CTU_93759
008 210402s9999 xx 000 0 und d
020 |c 52000 
082 |a 613.95 
082 |b C754 
100 |a Conrad, Shree 
245 0 |a Kiến thức về giới tính 
245 0 |c Shree Conrad, Michael Milburn ; Nguyễn Văn Sự dịch giả 
260 |a Hà Nội 
260 |b Phụ nữ 
260 |c 2004 
650 |a Health education 
904 |i Năm 
980 |a Trung tâm Học liệu Trường Đại học Cần Thơ